000 02139nam a22002657i 4500
005 20210118101244.0
008 210118t20032003nyu||||g |||| 00| f eng d
020 _a9780060001452
_qpaperback
040 _aPPAK
_beng
_cPPAK
_erda
082 0 4 _223
_a813.6
090 0 0 _a813.6
_bALE
_dG
100 1 _aAlexander, Victoria,
_eauthor.
245 1 0 _aLove With The Proper Husband /
_cVICTORIA ALEXANDER
264 1 _aNew York :
_bAVON BOOKS,
_c2003
264 4 _c©2003
300 _a374 pages ;
_c17 cm
336 _2rdacontent
_atext
337 _2rdamedia
_aunmediated
338 _2rdacarrier
_avolume
520 _aDistressed over the current widespread disinterest inmatrimony among their eminently marriageable offspring, the formidable matriarchs of the ton have taken matters into their own meddling hands with the formation of The Ladies' Society for the Betterment of the Future of Britain. Their first challenge: the Earl of Pennington.Miss Gwendolyn Townsend has seen her late father's estate go to a distant cousin she can't abide ... leaving her well-educated, able to make a perfect curtsy — and penniless. So imagine her shock when it's discovered that a match had been arranged between herself and Marcus Holcroft, the Earl of Pennington — one of the most eligible members of London society. Marcus constantly leaves her breathless and confused ... and though she's hesitant to marry a man she's just met, in the end she has no choice. But she makes some conditions first ...Marcus cannot believe that the bride who has been foisted upon him is insisting on rules to their wedding ... and bedding! He's a man who has never had to tempt any woman into his arms. But even more surprising is that Gwendolyn is clearly hiding something — and it shocks him to think that their exquisite kisses — followed by his lessons in passionate lovemaking — wouldn't be enough to make his wife tell him her every secret. After all, he's promised to be a proper husband — isn't it fair to also expect a proper wife?
650 1 0 _aAmerican fiction
650 2 0 _aRomance
650 2 0 _aHistorical
_vFiction
942 _2ddc
_cB
999 _c181285
_d181285